1297 1630 1270 1333 1957 1882 1911 1837 1896 1667 1092 1445 1026 1508 1598 1047 1803 1152 1096 1307 1518 1461 1651 1968 1771 1771 1371 1460 1172 1822 1571 1664 1547 1447 1303 1697 1944 1249 1455 1141 1852 1090 1127 1620 1518 1069 1310 1462 1550 1501 1664 1675 1355 1202 1140 1036 1256 1215 1677 1683 1275 1283 1486 1443 1655 1890 1141 1927 1488 1306 1473 1620 1469 1112 1670 1341 1548 1531 1369 1071 1918 1343 1525 1554 1399 1641 1202 1601 1096 1818 1509 1711 1783 1091 1215 1176 1123 1191 1790 BCNSPRNW ULIB Ver.6.0+V

เปลี่ยนเป็นภาษาไทย

Change to English
 แสดงรายละเอียดบรรณานุกรม
  กลับหน้าหลัก

Brief Record : Get Marc (ISO 2709) : E-mail record : QR code < ปิดหน้าต่าง
LEADER : 00000nam 2200000uu 4500
001    13399111820
003     ULIB
008    110708s2551||||th 000 0 tha d
020    9743121173
050  4 DS578.32.S74^bค123ส 2551
110 1  คณะกรรมการฝ่ายจัดทำหนังสือในคณะกรรมการจัดกิจกรรมเพื่อน้อมรำลึก...
245 00 เส้นทางแม่ฟ้าหลวง /^cคณะกรรมการฝ่ายจัดทำหนังสือในคณะกรรมการจัดกิจกรรมเพื่อน้อมรำลึก...
250    พิมพ์ครั้งที่ 1
260    กรุงเทพฯ :^bคณะกรรมการฝ่ายจัดทำหนังสือในคณะกรรมการจัดกิจกรรมเพื่อน้อมรำลึก...,^c2551
300    175 หน้า :^bภาพประกอบ ;^c26 ซม.
650  7 โครงการพัฒนาดอยตุง
650  7 ศรีนครินทราบรมราชชนนี, สมเด็จพระ^xพระราชประวัติ
945    ^p0^l0^i025156
945    ^p0^l0^i025157
995    ทศพร
999 ^a ใช้งานได้ทุกระบบ
รายการนี้ยังไม่มีแท็ก
คุณยังไม่ได้ล็อกอิน คุณสามารถมีกิจกรรมร่วมกับเว็บไซต์ได้ แต่ต้องล็อกอินก่อน ::
  ล็อกอิน

รายการสื่อสารสนเทศ

ลำดับที่ ประเภท เลขเรียก/บาร์โค้ด สถานที่ สถานะ
- ไม่พบข้อมูล -

BibComment


ยังไม่เคยถูกคอมเมนท์

คอมเมนท์ทรัพยากรรายการนี้
  คอมเมนท์: เส้นทางแม่ฟ้าหลวง..


 Copyright 2026. Bcnsprnw @Library